[Event "Nikaia op-A 20th"]
[Site "Nikea"]
[Date "2012.09.02"]
[Round "9.25"]
[White "Papadopoulos, Theodoros"]
[Black "Barbagiannis, Leonidas"]
[Result "1-0"]
[WhiteElo "1911"]
[BlackElo "1801"]
[PlyCount "117"]
[EventDate "2012.08.26"]
[EventType "swiss"]
[EventRounds "9"]
[EventCountry "GRE"]
[SourceTitle "EXT 2024"]
[Source "ChessBase"]
[SourceDate "2023.10.10"]
[SourceVersion "1"]
[SourceVersionDate "2023.10.10"]
[SourceQuality "1"]

1. d4 Nf6 2. c4 c5 3. d5 d6 4. Nc3 g6 5. Nf3 Bg7 6. e4 0-0 7. Be2 Na6 8. 0-0 Nc7 9. Bf4 a6 10. Qc2 Rb8 11. Rae1 Nh5 12. Be3 e5 13. Nd2 Nf4 14. Kh1 b5 15. b3 Bd7 16. g3 Nxe2 17. Rxe2 b4 18. Nd1 f5 19. f4 Qe7 20. fxe5 Bxe5 21. Bh6 Bg7 22. Bxg7 Qxg7 23. Ref2 Qd4 24. Qb2 Qxb2 25. Nxb2 Rfe8 26. Re1 Re7 27. Rfe2 Rbe8 28. Nd3 fxe4 29. Nxe4 Kg7 30. Nf4 Bf5 31. Nxd6 Rxe2 32. Nxf5+ gxf5 33. Rxe2 Rxe2 34. Nxe2 Kf6 35. Kg2 Ke5 36. Kf3 a5 37. Ke3 Ne8 38. Nf4 Nf6 39. Nd3+ Kd6 40. Kf4 Ne4 41. Kxf5 Nc3 42. Nc1 a4 43. bxa4 Nxa4 44. Nb3 Nc3 45. g4 Nxa2 46. g5 Nc3 47. h4 Nxd5 48. cxd5 Kxd5 49. h5 c4 50. g6 hxg6+ 51. hxg6 cxb3 52. g7 b2 53. g8Q+ Kd4 54. Qb3 b1Q+ 55. Qxb1 Kc3 56. Ke4 b3 57. Kd5 b2 58. Kc5 Kb3 59. Kd4 1-0

[Event "Athens op 01-B"]
[Site "Athens"]
[Date "2012.01.07"]
[Round "1"]
[White "Barbagiannis, Leonidas"]
[Black "Azis Azizis, Ektoras"]
[Result "0-1"]
[WhiteElo "1781"]
[BlackElo "2273"]
[PlyCount "108"]
[EventDate "2012.01.07"]
[EventType "swiss"]
[EventRounds "7"]
[EventCountry "GRE"]
[SourceTitle "EXT 2014"]
[Source "ChessBase"]
[SourceDate "2013.11.20"]
[SourceVersion "1"]
[SourceVersionDate "2013.11.20"]
[SourceQuality "1"]

1. e4 c5 2. Nf3 Nc6 3. d4 cxd4 4. Nxd4 Qb6 5. Nxc6 bxc6 6. Bd3 g6 7. Nc3 Bg7 8. 0-0 d6 9. Kh1 Nf6 10. Na4 Qa5 11. c3 Ng4 12. f3 Ne5 13. b4 Qc7 14. Be2 0-0 15. Bb2 Rb8 16. a3 c5 17. f4 Nd7 18. Qb3 Bb7 19. Bd3 c4 20. Qxc4 Qxc4 21. Bxc4 Bxe4 22. Bb3 Bc6 23. c4 Bxa4 24. Bxa4 Bxb2 25. Ra2 Nb6 26. Rxb2 Nxa4 27. Re2 e6 28. Rd2 Rfd8 29. Rfd1 Nc3 30. Rc1 Ne4 31. Rd4 f5 32. Kg1 Kf7 33. Re1 Rbc8 34. a4 Ke7 35. a5 Rd7 36. b5 Rdc7 37. b6 axb6 38. axb6 Rb7 39. Ra1 Rc6 40. Ra8 Rcxb6 41. h3 h5 42. Rh8 Nf6 43. Kh2 Rb8 44. Rxb8 Rxb8 45. Kg3 h4+ 46. Kf3 Rb3+ 47. Kf2 Ne4+ 48. Kf1 Kd7 49. Rd1 Kc6 50. Ra1 Kc5 51. Ra7 Kxc4 52. Rg7 Kd3 53. Kg1 Rb1+ 54. Kh2 Ng3 0-1

[Event "Ambelokipi op 111th"]
[Site "Athens"]
[Date "2011.03.16"]
[Round "2"]
[White "Papadimitriou, Loukas"]
[Black "Barbagiannis, Leonidas"]
[Result "1-0"]
[WhiteElo "2114"]
[BlackElo "1765"]
[PlyCount "71"]
[EventDate "2011.03.12"]
[EventType "swiss"]
[EventRounds "7"]
[EventCountry "GRE"]
[SourceTitle "EXT 2024"]
[Source "ChessBase"]
[SourceDate "2023.10.10"]
[SourceVersion "1"]
[SourceVersionDate "2023.10.10"]
[SourceQuality "1"]

1. d4 Nf6 2. c4 g6 3. Nc3 Bg7 4. e4 d6 5. Be2 0-0 6. Bg5 e5 7. dxe5 dxe5 8. Qxd8 Rxd8 9. Nd5 Rxd5 10. exd5 b5 11. Nf3 Nbd7 12. 0-0 bxc4 13. Bxc4 e4 14. Nd2 Bb7 15. Rad1 Nxd5 16. Nxe4 N7b6 17. Nc5 Bc6 18. Bxd5 Bxd5 19. b3 c6 20. Rfe1 h6 21. Bh4 a5 22. Bg3 a4 23. Bc7 axb3 24. axb3 Nc8 25. Re8+ Kh7 26. b4 Bd4 27. h3 Bc3 28. b5 Bb4 29. Nd7 Nb6 30. Bxb6 Ra2 31. Bd4 g5 32. Nf6+ Kg6 33. g4 h5 34. Rg8+ Kh6 35. gxh5 g4 36. Be3# 1-0

[Event "Nikaia op 17th"]
[Site "Nikaia"]
[Date "2009.08.23"]
[Round "3"]
[White "Skalkotas, Nikolaos"]
[Black "Barbagiannis, Leonidas"]
[Result "1-0"]
[WhiteElo "2197"]
[BlackElo "1783"]
[PlyCount "61"]
[EventDate "2009.08.22"]
[EventType "swiss"]
[EventRounds "9"]
[EventCountry "GRE"]
[SourceTitle "CBM 132 Extra"]
[Source "ChessBase"]
[SourceDate "2009.11.03"]
[SourceVersion "1"]
[SourceVersionDate "2009.11.03"]
[SourceQuality "1"]

1. c4 Nf6 2. Nc3 g6 3. e4 d6 4. d4 Bg7 5. f3 0-0 6. Bg5 Nbd7 7. Qd2 Re8 8. 0-0-0 e5 9. d5 a6 10. Kb1 Rb8 11. h4 Qe7 12. h5 Qf8 13. hxg6 fxg6 14. g4 b6 15. Nge2 b5 16. cxb5 axb5 17. Nc1 b4 18. Nb5 Rb7 19. Nb3 h5 20. Na5 Rxb5 21. Bxb5 hxg4 22. Bxf6 Nxf6 23. Bxe8 Qxe8 24. Ka1 gxf3 25. Qe3 f2 26. Nc6 Ba6 27. Qxf2 Nxe4 28. Qa7 Nc5 29. Qxc7 Qd7 30. Qb8+ Bf8 31. Rh8+ 1-0